Pretty Little Liars Pairings Quiz - Statistics

General Stats
  • This quiz has been taken 2,752 times
  • The average score is 10 of 15
Answer Stats
Hint Answer % Correct
Ezria Ezra and Aria
96%
Haleb Hanna and Caleb
96%
Wrencer Wren and Spencer
92%
Emaya Emily and Maya
91%
Paily Paige and Emily
89%
Jakria Jake and Aria
81%
Spalex Spencer and Alex
76%
Spoby Spencer and Toby
72%
Wrenna Wren and Hanna
64%
Jaria Jason and Aria
60%
Wesria Wesley and Aria
50%
Haria Holden and Aria
40%
Ariel Aria and Noel
31%
Lanna Lucas and Hanna
31%
Temily Toby and Emily
30%
No matching quizzes found
Score Distribution
Percent of People with Each Score
Percentile by Number Answered
Your Score History
You have not taken this quiz